000 01257nam a2200277Ia 4500
999 _c34797
_d34797
001 607
003 GE_BSU
005 20221125114358.0
008 181216s2004||||ge |||||||||||||| ||geo||
020 _a9994023438x
040 _cGE_BSU
041 _ageo
080 _a159.9 ი-47
100 _aიმედაძე, ირაკლი
_95687
245 _aXX საუკუნის ფსიქოლოგიის ძირითადი მიმდინარეობები /
_cირაკლი იმედაძე ; რედაქტორი შოთა ნადირაშვილი.
264 _aთბილისი
_bენა და კულტურა,
_c2004.
300 _a375 გვ.
_bფოტ. ;
_c20 სმ.
541 _h15ლ.
653 _aგანწყობის ფსიქოლოგია;
653 _aფსიქოლოგია
653 _aჰუმანისტური ფსიქოლოგია;
653 _aგენეტიკური ფსიქოლოგია;
653 _aფსიქოლოგიური თეორიები;
700 _aნადირაშვილი, შოთა
_eრედაქტორი
_9747
942 _cBK
_2udc